000 00454nam a2200181Ia 4500
003 0100
008 130303s9999 xx 000 0 und d
040 _cARRUPELIB
050 _aLB41.G8451973
100 _aGruber, Frederick C
245 _aHistorical and Contemporary Philosophies of Education
260 _aNY
260 _bThomas Y. Crowell Company
260 _C1973
300 _a260p
650 _bSpeech-Textbooks (Elementary)
942 0 0 _06
999 _c31009
_d31009